书目信息 |
| 题名: |
中国财政分权制度的法律经济学分析
|
|
| 作者: | 陈刚 著 | |
| 分册: | ||
| 出版信息: | 北京 经济科学出版社 2013 |
|
| 页数: | 160页 | |
| 开本: | 24cm | |
| 丛书名: | ||
| 单 册: | ||
| 中图分类: | F812.2 , D90-056 | |
| 科图分类: | ||
| 主题词: | 财政制度--经济分析--中国 , 法律经济学--研究 | |
| 电子资源: | ||
| ISBN: | 978-7-5141-3991-4 | |
| 000 | 01189nam0 2200265 450 | |
| 001 | 339277 | |
| 005 | 20150608091129.00 | |
| 010 | @a978-7-5141-3991-4@dCNY46.00 | |
| 100 | @a20140117d2013 kemy0chiy50 ea | |
| 101 | 0 | @achi |
| 102 | @aCN@b110000 | |
| 105 | @ay v 000yy | |
| 106 | @ar | |
| 200 | 1 | @a中国财政分权制度的法律经济学分析@Azhong guo cai zheng fen quan zhi du de fa lv jing ji xue fen xi@d= The law and economics analysis of fiscal decentralization in China@f陈刚著@zeng |
| 210 | @a北京@c经济科学出版社@d2013 | |
| 215 | @a160页@d24cm | |
| 330 | @a本书综合了经济学、法学、政治学等多学科的理论和方法, 在理论上阐释了财政分权制度的正当性基础, 全面梳理并阐述了中国财政分权制度的变迁历史和实践中存在的问题, 经验性的评估了中国财政分权制度的成本和收益, 分析总结了代表性国家的财政分权制度的实践经验和启示, 并在此基础上提出了完善中国财政分权制度的立法设想。 | |
| 510 | 1 | @alaw and economics analysis of fiscal decentralization in China@zeng |
| 606 | 0 | @a财政制度@x经济分析@y中国 |
| 606 | 0 | @a法律经济学@x研究 |
| 690 | @aF812.2@v5 | |
| 690 | @aD90-056@v5 | |
| 701 | 0 | @a陈刚@Achen gang@c(法学, @f1981)@4著 |
| 801 | 0 | @aCN@b卓展宏图@c20150525 |
| 905 | @dF812.2@e71@f5 | |
| 中国财政分权制度的法律经济学分析= The law and economics analysis of fiscal decentralization in China/陈刚著.-北京:经济科学出版社,2013 |
| 160页;24cm |
| ISBN 978-7-5141-3991-4:CNY46.00 |
| 本书综合了经济学、法学、政治学等多学科的理论和方法, 在理论上阐释了财政分权制度的正当性基础, 全面梳理并阐述了中国财政分权制度的变迁历史和实践中存在的问题, 经验性的评估了中国财政分权制度的成本和收益, 分析总结了代表性国家的财政分权制度的实践经验和启示, 并在此基础上提出了完善中国财政分权制度的立法设想。 |
| ● |
| 相关链接 |
|
|
|
|
正题名:中国财政分权制度的法律经济学分析
索取号:F812.2/71
 
预约/预借
| 序号 | 登录号 | 条形码 | 馆藏地/架位号 | 状态 | 备注 |
| 1 | 864347 | 208643477 | 第一样本阅览室/ [索取号:F812.2/71] | 在馆 | |
| 2 | 864348 | 208643486 | 第一借阅区/ [索取号:F812.2/71] | 在馆 | |
| 3 | 864349 | 208643495 | 第一借阅区/ [索取号:F812.2/71] | 在馆 | |
| 4 | 864350 | 208643501 | 第一借阅区/ [索取号:F812.2/71] | 在馆 | |
| 5 | 864351 | 208643510 | 第一借阅区/ [索取号:F812.2/71] | 在馆 |